Business accounting and finance / (Record no. 1526)
[ view plain ]
| 000 -LEADER | |
|---|---|
| fixed length control field | 00966cam a22003135i 4500 |
| 003 - CONTROL NUMBER IDENTIFIER | |
| control field | EG-ScBUE |
| 005 - DATE AND TIME OF LATEST TRANSACTION | |
| control field | 20201128013223.0 |
| 008 - FIXED-LENGTH DATA ELEMENTS--GENERAL INFORMATION | |
| fixed length control field | 081119t20052005xxua f b 001 0 eng d |
| 020 ## - INTERNATIONAL STANDARD BOOK NUMBER | |
| International Standard Book Number | 0077108094 |
| 020 ## - INTERNATIONAL STANDARD BOOK NUMBER | |
| International Standard Book Number | 9780077108090 |
| 040 ## - CATALOGING SOURCE | |
| Original cataloging agency | EG-ScBUE |
| Language of cataloging | eng |
| Description conventions | rda |
| Transcribing agency | EG-ScBUE |
| Modifying agency | EG-ScBUE |
| 082 04 - DEWEY DECIMAL CLASSIFICATION NUMBER | |
| Classification number | 650.01513 |
| Item number | DAV |
| Edition number | 22 |
| 100 1# - MAIN ENTRY--PERSONAL NAME | |
| Personal name | Davies, Tony, |
| Relator term | author. |
| 245 10 - TITLE STATEMENT | |
| Title | Business accounting and finance / |
| Statement of responsibility, etc | Tony Davies, Tony Boczko. |
| 250 ## - EDITION STATEMENT | |
| Edition statement | Second edition. |
| 264 #1 - PUBLICATION, DISTRIBUTION, ETC. (IMPRINT) | |
| Place of publication, distribution, etc | London : |
| Name of publisher, distributor, etc | McGraw-Hill Book Co., |
| Date of publication, distribution, etc | [2005] |
| 264 #4 - PUBLICATION, DISTRIBUTION, ETC. (IMPRINT) | |
| Date of publication, distribution, etc | c2005 |
| 300 ## - PHYSICAL DESCRIPTION | |
| Extent | xxiii, 767 pages : |
| Other physical details | illustrations ; |
| Dimensions | 26 cm |
| 336 ## - CONTENT TYPE | |
| Content type term | text |
| Content type code | txt |
| Source | rdacontent |
| 337 ## - MEDIA TYPE | |
| Media type term | unmediated |
| Media type code | n |
| Source | rdamedia |
| 338 ## - CARRIER TYPE | |
| Carrier type term | volume |
| Carrier type code | nc |
| Source | rdacarrier |
| 500 ## - GENERAL NOTE | |
| General note | Includes index. |
| 650 #7 - SUBJECT ADDED ENTRY--TOPICAL TERM | |
| Topical term or geographic name as entry element | Accounting |
| Source of heading or term | BUEsh |
| 650 #7 - SUBJECT ADDED ENTRY--TOPICAL TERM | |
| Topical term or geographic name as entry element | Business enterprises |
| General subdivision | Finance. |
| Source of heading or term | BUEsh |
| 651 ## - SUBJECT ADDED ENTRY--GEOGRAPHIC NAME | |
| Source of heading or term | BUEsh |
| 653 ## - INDEX TERM--UNCONTROLLED | |
| Resource For college | BAEPS, Business Administration |
| Arrived date list | August2020 |
| 700 1# - ADDED ENTRY--PERSONAL NAME | |
| Personal name | Baczko, Tony, |
| Relator term | author. |
| 9 (RLIN) | 1274 |
| 942 ## - ADDED ENTRY ELEMENTS (KOHA) | |
| Koha item type | Book - Borrowing |
| Source of classification or shelving scheme | Dewey Decimal Classification |
| Withdrawn status | Lost status | Source of classification or shelving scheme | Damaged status | Not for loan | Home library | Current library | Shelving location | Date acquired | Source of acquisition | Total Checkouts | Full call number | Barcode | Date last seen | Price effective from | Koha item type | Collection code | Date checked out | Public note |
|---|---|---|---|---|---|---|---|---|---|---|---|---|---|---|---|---|---|---|
| Dewey Decimal Classification | Central Library | Central Library | First floor | 20/06/2007 | Purchase | 4 | 650.01513 DAV | 000002834 | 15/07/2025 | 02/11/2006 | Book - Borrowing | |||||||
| Dewey Decimal Classification | Central Library | Central Library | First floor | 20/06/2007 | Purchase | 4 | 650.01513 DAV | 000002833 | 15/07/2025 | 02/11/2006 | Book - Borrowing | |||||||
| Dewey Decimal Classification | Central Library | Central Library | First floor | 20/06/2007 | Purchase | 4 | 650.01513 DAV | 000002832 | 15/07/2025 | 02/11/2006 | Book - Borrowing | |||||||
| Dewey Decimal Classification | Central Library | Central Library | First floor | 07/01/2017 | Purchase | 2 | 650.01513 DAV | 000057064 | 24/08/2022 | 17/01/2007 | Book - Borrowing | Baccah | 25/02/2016 | Replacment by 000002448 | ||||
| Dewey Decimal Classification | Central Library | Central Library | First floor | 19/11/2008 | Purchase | 650.01513 DAV | 000002835 | 15/07/2025 | 19/11/2008 | NB - Book (Non borrowing) | ||||||||
| Dewey Decimal Classification | Central Library | Central Library | First floor | 31/08/2020 | Purchase | 650.01513 DAV | 000049606 | 15/07/2025 | 31/08/2020 | Book - Borrowing | unknown |